000 00938cab a22002535a 4500
001 L160031
008 150113e2016 xxk 000 0 eng d
035 _a(Sirsi) u160031
041 0 _aeng
050 _a346.4107
100 1 _aSilverman, M.
245 0 0 _aJust think about it
_h[electronic resource]
260 _aLondon
_bRICS
_c2016
490 _aRICS Building Surveying Journal
_vMarch 2016 - April 2016, 10-11(2)
520 _aDraws attention to the hidden impact ofo EU regulations.
650 2 4 _aEU DIRECTIVE 2011/88/EU
650 2 4 _aROBERTSON V SWIFT
650 2 4 _aCONSUMER CONTRACTS
650 2 4 _aCONSUMER PROTECTION
690 _aBusiness and management
856 4 0 _uhttps://www.rics.org/Global/BSJ-BCJ%20March-April%202016_v2.pdf
_zView the article free of charge at www.rics.org...
856 4 0 _uhttps://www.rics.org/Global/BSJ-BCJ%20March-April%202016_v2.pdf
_yAvailable free online via Issuu
942 _n0
_2ddc
999 _c85146
_d85146